<?xml version="1.0" encoding="UTF-8"?>
<record
    xmlns:xsi="http://www.w3.org/2001/XMLSchema-instance"
    xsi:schemaLocation="http://www.loc.gov/MARC21/slim http://www.loc.gov/standards/marcxml/schema/MARC21slim.xsd"
    xmlns="http://www.loc.gov/MARC21/slim">

  <leader>03503cam a2200373 i 4500</leader>
  <datafield tag="999" ind1=" " ind2=" ">
    <subfield code="c">9348</subfield>
    <subfield code="d">9348</subfield>
  </datafield>
  <controlfield tag="001">424557577</controlfield>
  <controlfield tag="003">OCoLC</controlfield>
  <controlfield tag="005">20241126110710.0</controlfield>
  <controlfield tag="008">091016t20102010miu      b    001 0 eng  </controlfield>
  <datafield tag="010" ind1=" " ind2=" ">
    <subfield code="a">2009043303</subfield>
  </datafield>
  <datafield tag="020" ind1=" " ind2=" ">
    <subfield code="a">9780801036415</subfield>
  </datafield>
  <datafield tag="020" ind1=" " ind2=" ">
    <subfield code="a">0801036410</subfield>
  </datafield>
  <datafield tag="035" ind1=" " ind2=" ">
    <subfield code="a">(OCoLC)424557577</subfield>
  </datafield>
  <datafield tag="040" ind1=" " ind2=" ">
    <subfield code="a">DLC</subfield>
    <subfield code="b">eng</subfield>
    <subfield code="e">rda</subfield>
    <subfield code="c">DLC</subfield>
    <subfield code="d">BTCTA</subfield>
    <subfield code="d">XBE</subfield>
    <subfield code="d">C#P</subfield>
    <subfield code="d">YDXCP</subfield>
    <subfield code="d">BWX</subfield>
    <subfield code="d">CDX</subfield>
    <subfield code="d">BDX</subfield>
    <subfield code="d">OCLCF</subfield>
    <subfield code="d">OCLCQ</subfield>
    <subfield code="d">OKR</subfield>
    <subfield code="d">SGB</subfield>
    <subfield code="d">OCLCA</subfield>
  </datafield>
  <datafield tag="050" ind1="0" ind2="0">
    <subfield code="a">BV2063</subfield>
    <subfield code="b">.P55 2010</subfield>
  </datafield>
  <datafield tag="050" ind1="0" ind2="0">
    <subfield code="a">BV2063</subfield>
    <subfield code="b">.P55 2010</subfield>
  </datafield>
  <datafield tag="082" ind1=" " ind2=" ">
    <subfield code="a">266.001</subfield>
    <subfield code="b">PIP</subfield>
  </datafield>
  <datafield tag="100" ind1="1" ind2=" ">
    <subfield code="a">Piper, John,</subfield>
    <subfield code="d">1946-</subfield>
    <subfield code="e">author.</subfield>
    <subfield code="9">8858</subfield>
  </datafield>
  <datafield tag="245" ind1="1" ind2="0">
    <subfield code="a">Let the nations be glad! :</subfield>
    <subfield code="b">the supremacy of God in missions /</subfield>
    <subfield code="c">John Piper.</subfield>
  </datafield>
  <datafield tag="250" ind1=" " ind2=" ">
    <subfield code="a">Third edition.</subfield>
  </datafield>
  <datafield tag="264" ind1=" " ind2="1">
    <subfield code="a">Grand Rapids, Michigan :</subfield>
    <subfield code="b">Baker Academic,</subfield>
    <subfield code="c">[2010]</subfield>
  </datafield>
  <datafield tag="264" ind1=" " ind2="4">
    <subfield code="c">&#x2117;&#x266D;2010</subfield>
  </datafield>
  <datafield tag="300" ind1=" " ind2=" ">
    <subfield code="a">280 pages ;</subfield>
    <subfield code="c">23 cm</subfield>
  </datafield>
  <datafield tag="336" ind1=" " ind2=" ">
    <subfield code="a">text</subfield>
    <subfield code="b">txt</subfield>
    <subfield code="2">rdacontent</subfield>
  </datafield>
  <datafield tag="337" ind1=" " ind2=" ">
    <subfield code="a">unmediated</subfield>
    <subfield code="b">n</subfield>
    <subfield code="2">rdamedia</subfield>
  </datafield>
  <datafield tag="338" ind1=" " ind2=" ">
    <subfield code="a">volume</subfield>
    <subfield code="b">nc</subfield>
    <subfield code="2">rdacarrier</subfield>
  </datafield>
  <datafield tag="504" ind1=" " ind2=" ">
    <subfield code="a">Includes bibliographical references and indexes.</subfield>
  </datafield>
  <datafield tag="505" ind1="0" ind2=" ">
    <subfield code="a">Introduction to the Third Edition : New realities in world Christianity and twelve appeals to prosperity preachers -- Part one : Making God supreme in missions : the purpose, the power, and the price. 1. The supremacy of God in missions through worship -- 2. The supremacy of God in missions through prayer -- 3. The supremacy of God in missions through suffering -- Part two : Making God supreme in missions : the necessity and nature of the task. 4. The supremacy of Christ as the conscious focus of all saving faith -- 5. The supremacy of God among "all the nations" -- Part three : Making God supreme in missions : the practical outworking of compassion and worship. 6. A passion for God's supremacy and compassion for man's soul : Jonathan Edwards on the unity of motives for world missions -- 7. The inner simplicity and outer freedom of worldwide worship -- Conclusion -- Afterword : The supremacy of God in going and sending / Tom Steller.</subfield>
  </datafield>
  <datafield tag="520" ind1=" " ind2=" ">
    <subfield code="a">"Missions is not the ultimate goal of the church. Worship is. Missions exists because worship doesn't. Worship is ultimate." - John Piper. Let the Nations Be Glad! has become a modern missions classic. A trusted resource for thousands of missionaries, pastors, church leaders, and laypeople, it provides a biblical basis for missions and worship. This third edition has been expanded to include timely new material on the prosperity gospel. - Back cover.</subfield>
  </datafield>
  <datafield tag="520" ind1=" " ind2=" ">
    <subfield code="a">This new edition of a bestselling textbook (over 185,000 copies sold) draws on key biblical texts to demonstrate that worship is the ultimate goal of the church and that proper worship fuels missionary outreach. John Piper offers a biblical defense of God's supremacy in all things, providing readers with a sound theological foundation for missions. He examines whether Jesus is the only way to salvation and issues a passionate plea for God-centeredness in the missionary enterprise, seeking to define the scope of the task and the means for reaching "all nations." The third edition has been revised and expanded throughout and includes new material on the prosperity gospel. The book is essential reading for those involved in or preparing for missions work. It also offers enlightenment for college and seminary students, pastors, youth workers, campus ministers, and all who want to connect their labors to God's global purposes. - Publisher.</subfield>
  </datafield>
  <datafield tag="650" ind1=" " ind2="0">
    <subfield code="a">Missions</subfield>
    <subfield code="x">Theory.</subfield>
    <subfield code="9">48</subfield>
  </datafield>
  <datafield tag="650" ind1=" " ind2="0">
    <subfield code="a">God (Christianity)</subfield>
    <subfield code="x">Worship and love.</subfield>
    <subfield code="9">7109</subfield>
  </datafield>
  <datafield tag="942" ind1=" " ind2=" ">
    <subfield code="2">ddc</subfield>
    <subfield code="c">BK</subfield>
    <subfield code="0">2</subfield>
  </datafield>
  <datafield tag="952" ind1=" " ind2=" ">
    <subfield code="0">0</subfield>
    <subfield code="1">0</subfield>
    <subfield code="2">ddc</subfield>
    <subfield code="4">0</subfield>
    <subfield code="7">0</subfield>
    <subfield code="a">GBC</subfield>
    <subfield code="b">GBC</subfield>
    <subfield code="c">MNMS</subfield>
    <subfield code="d">2022-11-07</subfield>
    <subfield code="l">2</subfield>
    <subfield code="o">266.001 PIP</subfield>
    <subfield code="p">015827</subfield>
    <subfield code="r">2025-05-01 00:00:00</subfield>
    <subfield code="s">2024-09-19</subfield>
    <subfield code="t">c.1</subfield>
    <subfield code="w">2022-11-07</subfield>
    <subfield code="y">BK</subfield>
  </datafield>
</record>
